Lippincott Q&A certification review : (Record no. 366378)
[ view plain ]
| 000 -LEADER | |
|---|---|
| fixed length control field | 00642nam a22002057a 4500 |
| 003 - CONTROL NUMBER IDENTIFIER | |
| control field | 0 |
| 005 - DATE AND TIME OF LATEST TRANSACTION | |
| control field | 20240924102906.0 |
| 008 - FIXED-LENGTH DATA ELEMENTS--GENERAL INFORMATION | |
| fixed length control field | 240924b xxu||||| |||| 00| 0 eng d |
| 020 ## - INTERNATIONAL STANDARD BOOK NUMBER | |
| International Standard Book Number | 978-1-975114-55-8 |
| 050 ## - LIBRARY OF CONGRESS CALL NUMBER | |
| Classification number | RT 55 |
| Item number | .C58 2024 |
| 100 ## - MAIN ENTRY--PERSONAL NAME | |
| Personal name | Clutter, Patricia L. |
| 245 ## - TITLE STATEMENT | |
| Title | Lippincott Q&A certification review : |
| Remainder of title | emergency nursing (CEN) |
| Statement of responsibility, etc | Clutter, Patricia L. |
| 250 ## - EDITION STATEMENT | |
| Edition statement | 3rd ed. |
| 260 ## - PUBLICATION, DISTRIBUTION, ETC. (IMPRINT) | |
| Place of publication, distribution, etc | Philadelphia |
| Name of publisher, distributor, etc | Wolters kluwer |
| Date of publication, distribution, etc | C2024 |
| 300 ## - PHYSICAL DESCRIPTION | |
| Extent | ix, 408p. |
| Other physical details | col. : |
| Dimensions | 27cm. |
| 500 ## - GENERAL NOTE | |
| General note | Nursing examinations, questions, etc. |
| 500 ## - GENERAL NOTE | |
| General note | Nursing care -- examinations, questions. |
| 650 ## - SUBJECT ADDED ENTRY--TOPICAL TERM | |
| Topical term or geographic name as entry element | Includes index. |
| 942 ## - ADDED ENTRY ELEMENTS (KOHA) | |
| Source of classification or shelving scheme | Library of Congress Classification |
| Koha item type | Books |
| Withdrawn status | Lost status | Source of classification or shelving scheme | Damaged status | Home library | Current library | Shelving location | Date acquired | Source of acquisition | Sub Shelving location | Total Checkouts | Total Renewals | Full call number | Barcode | Date last seen | Date checked out | Price effective from | Koha item type |
|---|---|---|---|---|---|---|---|---|---|---|---|---|---|---|---|---|---|
| Library of Congress Classification | College Library | College Library | Reserve Section | 09/24/2024 | Library Fund | 1 | 2 | RT 55 .C58 2024 | C23618 | 02/17/2025 | 01/27/2025 | 09/24/2024 | Books |